000 00273nam a2200121Ia 4500
008 190216s9999||||xx |||||||||||||| ||und||
100 _aFarrigton
245 0 _aPhysical Chemistry
260 _bWiley Eastern Ltd
_c1979
300 _a692p
650 _aChemistry
942 _cBK
999 _c2414
_d2414